Statistiques concernant Culture Générale - Série 334

Cliquez ici pour prendre le quiz!

Statistiques générales

  • Ce quiz a été pris 203 fois
  • Le résultat moyen est 7 sur 10

Statistiques - réponses

QuestionRéponse% Correct
De quel pays fait partie l'Etat du Minnesota ?Les Etats-Unis
97%
Combien y a-t-il de joueurs sur le terrain lors d'un match de football ?22
96%
Comment s'appelle le chien de Mickey ?Pluto
92%
Combien y a-t-il de secondes dans un quart d'heure ?900
89%
Quelle est la profession de Bozo, dans la série de dessins animés ?Clown
71%
Quel animal était François Mitterrand dans "Le Bébête Show" ?Une grenouille
59%
Quel journal quotidien Hubert Beuve-Méry a-t-il fondé en 1944 ?Le Monde
58%
Qui était l'animatrice principale de l'émission "Frou-Frou" en 1992 ?Christine Bravo
55%
Quel poète a écrit : "Là, tout n'est qu'ordre et beauté, luxe, calme et volupté" ?Charles Baudelaire
50%
Quel comédien est la voix française de Benny Hill ?Roger Carel
17%

Distribution des résultats

Percentile par nombre de réponses

% des personnes avec chaque résultat

Votre développement - résultats

Vous n’avez pas pris ce quiz